| 000 | 01607nam a2200373 i 4500 | ||
|---|---|---|---|
| 003 | DO-SdBNP | ||
| 005 | 20250120115839.0 | ||
| 007 | ta | ||
| 008 | 140610s2022 dr 000 0 spa d | ||
| 020 | _a9789945425826 (v.1) | ||
| 020 | _a9789945425833 (v.2) | ||
| 040 |
_aDO-SdBNP _bspa _cBNPHU _erda |
||
| 082 | 4 |
_bR426c, 2022 _a342.7293023 _222 |
|
| 110 | 1 |
_aRepública Dominicana. _9447 |
|
| 240 | _a[Constitución] | ||
| 245 | 0 | 0 |
_aConstitución de la República Dominicana comentada por jueces y juezas del Poder Judicial / _cHermógenes Acosta de los Santos, Fanny Ml. González Castillo, Nassin Eduardo Ovalle Estévez, Wendy S. Martínez Mejía, Manuel R. Herrera Carbuccia ; prólogo, Eduardo Ferrer Mac-Gregor |
| 264 |
_aSanto Domingo : _bEscuela Nacional de la Judicatura, _c2022. |
||
| 300 |
_a2 voluménes ; _c24 cm. |
||
| 336 |
_2rdacontent _atexto _btxt |
||
| 337 |
_2rdamedia _asin mediación _bn |
||
| 338 |
_2rdacarrier _avolumen _bnc |
||
| 500 | _aIncluye referencias bibliográficas y notas al pie de las páginas | ||
| 590 | _aInventariado,2023/BT | ||
| 651 | 4 |
_935654 _aRepública Dominicana _xConstitución |
|
| 651 | 4 |
_99303 _aRepública Dominicana _xDerecho constitucional |
|
| 700 | 1 |
_aAcosta de los Santos, Hermógenes _949375 |
|
| 700 | 1 |
_aGonzález Castillo, Fanny Ml. _984177 |
|
| 700 | 1 |
_aOvalle Estévez, Nassin Eduardo _984178 |
|
| 700 | 1 |
_aMartínez Mejía, Wendy S. _955280 |
|
| 700 | 1 |
_aHerrera Carbuccia, Manuel R. _984179 |
|
| 700 | 1 |
_aMac-Gregor, Eduardo Ferrer, _eprólogo _984180 |
|
| 910 | _aBtavárez/Validado. Control de calidad MFF | ||
| 942 |
_2ddc _cLBS1 |
||
| 999 |
_c54818 _d54818 |
||